000
01153nam a22001457a 4500
008
230403b ||||| |||| 00| 0 eng d
020
_a
0442230273
041
_a
eng
080
_a
72
082
_a
72PAV
100
_a
19
101
_a
ARKITEKTUR
245
_a
HANDBOOL OF SOLID WASTE DISPOSAL
_c
PAVONI.L.J
942
_2
udc
_c
BK
999
_c
59488
_d
59488